000 00672nam a2200205Ii 4500
003 JO-AjNU
008 230605s9999||||xx |||||||||||||| ||und||
040 _aJO-AjNU
_bara
_erda
_cJO-AjNU
041 _aara
050 1 4 _aJX1391.K37.1992
100 3 _a كاره ؛ ترجمة ، شيخاني ، سمير ,
_eauthor
_934835
245 0 0 _aالعلاقات الدولية منذ معاهدات الصلح (1919-1939)
250 _aط1
264 3 1 _aبيروت : دار الجيل ، 1992
300 _a287ص
336 _atext
_btxt
_2rdacontent
337 _aunmediated
_bn
_2rdamedia
338 _avolume
_bnc
_2rdacarrier
650 4 _aعلاقات دولية
_934836
999 _aA14322
_c17890
_d17890